| 000 | 00681nam a22002297a 4500 | ||
|---|---|---|---|
| 999 |
_c8167 _d8167 |
||
| 001 | 21671 | ||
| 003 | BD-DhUAP | ||
| 005 | 20220813094630.0 | ||
| 008 | 220704b20132022Bg ||||| |||| 001 0 eng d | ||
| 020 | _a9789843346674 | ||
| 040 |
_aBD-DhUAP _bENG _cBD-DhUAP _dBD-DhUAP _eBD-DhUAP |
||
| 082 |
_222 _a340.14 REZ |
||
| 100 | _aReza ,Hossain Mohammad. | ||
| 245 |
_aEnglish for Law : _bIncluding general English and BJS English / _cHossain Mohammad Reza. |
||
| 250 | _a5th ed | ||
| 260 |
_aDhaka: _bSufi prokashoni; _c2022. |
||
| 300 |
_a581 p; _c21 cm |
||
| 504 | _aIncludes Index. Source : Purchased. | ||
| 650 | _aEnglish language - grammar. | ||
| 650 | _aLaw. | ||
| 942 |
_2ddc _cBK |
||